1997/98 Estimates of Recurrent Expenditure of the Government of Kenya for the Year Ending 30th June, 1998 (Record no. 1045)
[ view plain ]
| 000 -LEADER | |
|---|---|
| fixed length control field | 00366nam a22001217a 4500 |
| 008 - FIXED-LENGTH DATA ELEMENTS--GENERAL INFORMATION | |
| fixed length control field | 230612b xxu||||| |||| 00| 0 eng d |
| 082 ## - DEWEY DECIMAL CLASSIFICATION NUMBER | |
| Classification number | 354.676 |
| Item number | GOK |
| 245 ## - TITLE STATEMENT | |
| Title | 1997/98 Estimates of Recurrent Expenditure of the Government of Kenya for the Year Ending 30th June, 1998 |
| 260 ## - PUBLICATION, DISTRIBUTION, ETC. (IMPRINT) | |
| Place of publication, distribution, etc. | Nairobi,Kenya |
| Name of publisher, distributor, etc. | GOK |
| Date of publication, distribution, etc. | 1997 |
| 300 ## - PHYSICAL DESCRIPTION | |
| Extent | IX,1841p |
| 440 ## - SERIES STATEMENT/ADDED ENTRY--TITLE | |
| Volume/sequential designation | II |
| 942 ## - ADDED ENTRY ELEMENTS (KOHA) | |
| Source of classification or shelving scheme | Dewey Decimal Classification |
| Koha item type | Books |
| Withdrawn status | Lost status | Source of classification or shelving scheme | Damaged status | Not for loan | Home library | Current library | Date acquired | Total Checkouts | Full call number | Barcode | Date last seen | Price effective from | Koha item type |
|---|---|---|---|---|---|---|---|---|---|---|---|---|---|
| Dewey Decimal Classification | Bunge Tower Library | Bunge Tower Library | 06/12/2023 | 354.676 GOK | 1000720 | 06/12/2023 | 06/12/2023 | Books |
